1265 1403 1561 1519 1657 1550 1892 1757 1695 1844 1379 1530 1509 1981 1055 1658 1176 1221 1623 1149 1916 1732 1347 1737 1879 1550 1714 1718 1191 1310 1228 1567 1028 1141 1528 1931 1991 1252 1151 1380 1570 1289 1009 1507 1705 1447 1785 1337 1802 1465 1770 1774 1058 1097 1015 1240 1407 1869 1536 1616 1193 1173 1076 1792 1991 1208 1652 1520 1008 1921 1094 1609 1690 1918 1854 1467 1597 1026 1152 1552 1075 1903 1743 1438 1039 1776 1520 1636 1863 1436 1087 1764 1544 1357 1608 1839 1670 1411 1163 BCNSPRNW ULIB Ver.6.0+V

เปลี่ยนเป็นภาษาไทย

Change to English
 แสดงรายละเอียดบรรณานุกรม
  กลับหน้าหลัก

Brief Record : Get Marc (ISO 2709) : E-mail record : QR code < ปิดหน้าต่าง
LEADER : 00000nam 2200000uu 4500
001    13399122543
003     ULIB
008    130726s2550||||th 000 0 tha d
020    ^a9789747040609
050 04 ^aQ158.5^bP111
100 0  ^aชลเทพ ณ บางช้าง
245 10 ^aสัตววิทยา = Essential atlas of zoology /^cชลเทพ ณ บางช้าง
246 31 ^aEssential atlas of zoology
260    ^aกรุงเทพฯ :^bชมรมเด็ก,^c2550
300    ^a96 หน้า :^bภาพประกอบ
650  7 ^aสัตว์^xภาพ
650  7 ^aพฤติกรรมสัตว์^xภาพ
945    ^p300^l0^i19993
995    ^aทศพร
999    ^aทศพร เกษรทอง
รายการนี้ยังไม่มีแท็ก
คุณยังไม่ได้ล็อกอิน คุณสามารถมีกิจกรรมร่วมกับเว็บไซต์ได้ แต่ต้องล็อกอินก่อน ::
  ล็อกอิน

รายการสื่อสารสนเทศ

ลำดับที่ ประเภท เลขเรียก/บาร์โค้ด สถานที่ สถานะ
1. การศึกษาทั่วไป
การศึกษาทั่วไป
Q158.5 P111  
  Barcode: 19993
ห้องสมุดวิทยาเขตสวรรค์ประชารักษ์
►หนังสือทั่วไป
บนชั้น

รายการใกล้เคียง
    ผู้แต่ง [ชลเทพ ณ บางช้าง]

BibComment


ยังไม่เคยถูกคอมเมนท์

คอมเมนท์ทรัพยากรรายการนี้
  คอมเมนท์: สัตววิทยา Essen..


 Copyright 2026. Bcnsprnw @Library